| 000 | 00968nam a2200241Ia 4500 | ||
|---|---|---|---|
| 005 | 20240816153702.0 | ||
| 008 | 130821s2011 sp a gr spa | ||
| 020 | _a9788472545832 | ||
| 040 |
_aCo-BoUCM _bspa _cDavid Moreno (modificó) _dDavid Moreno (modificó) |
||
| 041 | 0 | 0 | _aspa |
| 060 | _aBF 100 | ||
| 100 | 1 |
_aGoleman, Daniel _969904 |
|
| 245 | 1 | 0 |
_aInteligencia emocional en el trabajo cómo seleccionar y mejorar la inteligencia emocional en individuos, grupos y organizaciones _cDaniel Goleman y Cary Cherniss ; traducción de Miguel Portillo. |
| 260 |
_aBarcelona (España) _bKairós _c2011 |
||
| 300 |
_a431 páginas _bilustraciones, cuadros |
||
| 650 | 0 | 4 |
_aAdministración de personal _98562 |
| 650 | 0 | 4 |
_aInteligencia emocional _917845 |
| 650 | 0 | 4 |
_aPsicología _98001 |
| 650 | 0 | 4 |
_aGestión de emociones _9182019 |
| 700 | 1 |
_aCherniss, Cari _9182020 |
|
| 700 | 1 |
_aPortillo, Miguel _9100119 |
|
| 942 |
_cLIBRORESER _2NLM _a9 _e1 _hBF 100 _mG625i _n0 |
||
| 999 |
_c38635 _d38635 |
||